Parki w Sosnowcu - Statystyki

Ogólne statystyki
  • Ten quiz został rozwiązany 27 razy
    22 od ostatniego zresetowania
  • Średni wynik to 6 z 31
Statystyki odpowiedzi
Hint Odpowiedź % Poprawnych
30 ha Park im. Jacka Kuronia
87%
20,24 ha Park Sielecki
87%
102 ha Park Tysiąclecia
80%
2,0 ha Park Harcerski
47%
6,13 ha Park Dietla
40%
45 ha Park Środula
33%
2,5 ha Park Kępa
27%
425 ha Las Zagórski
20%
4,8 ha Park Bioróżnorodności
20%
3,87 ha Park Leśny
20%
1,7 ha Park Milowice
20%
3,86 ha Plac Papieski (Park Zagórski)
20%
2,29 ha Park im. Wandy Malczewskiej
13%
5,4 ha Park Kalinowa
13%
3,33 ha Park Środula Okrzei
13%
3,3 ha Park Wygoda
13%
0,10 ha Lasek Boloński
7%
2,65 ha Ogród Zabaw Dziecięcych Baczyńskiego
7%
1,5 ha Park im. W. Mazura
7%
6,4 ha Park Mieroszewskich
7%
3,73 ha Park na Przemszy
7%
0,9 ha Park Poniatowskiego
7%
1,0 ha Park Schöena nad Czarną Przemszą
7%
5,6 ha Park Schöna
7%
88 ha Piaszczyste Doły nad Czarną Przemszą
7%
0,13 ha Skwer Niezależnego Zrzeszenia Studentów
7%
6,68 ha Torfowisko Sosnowiec-Bory
7%
0,15 ha Trójkąt Trzech Cesarzy
7%
0,23 ha Skwer imienia Jana Antoniego Strzeleckiego
0%
1,19 ha Skwer T. Kościuszki
0%
31 ha Śródleśne łąki w Starych Maczkach
0%
Nie znaleziono quizów pasujących do podanych kryteriów
Rozkład punktacji
Procent ludzi z każdym wynikiem
Percentyl według liczby udzielonych odpowiedzi
Twoja historia wyników
Nie rozwiązałeś tego quizu od ostatniego zresetowania